RICS Short Form of Consultant’s Appointment (Record no. 122161)
[ view plain ]
| 000 -LEADER | |
|---|---|
| fixed length control field | 01914nam a22002417a 4500 |
| 008 - FIXED-LENGTH DATA ELEMENTS--GENERAL INFORMATION | |
| fixed length control field | 250513s2025 xxk|||||o|||| 00| 0 eng d |
| 041 ## - LANGUAGE CODE | |
| Language code of text/sound track or separate title | eng |
| 110 ## - MAIN ENTRY--CORPORATE NAME | |
| Corporate author | Royal Institution of Chartered Surveyors |
| 245 ## - TITLE STATEMENT | |
| Title | RICS Short Form of Consultant’s Appointment |
| Subtitle | England & Wales |
| Medium | [Electronic resource] |
| 260 ## - PUBLICATION INFORMATION | |
| Place of publication | London, |
| Publisher | Royal Institution of Chartered Surveyors, |
| Date | May 2022 (revised April 2025) |
| 300 ## - PHYSICAL DESCRIPTION | |
| Physical description | 15p. |
| 490 ## - SERIES TITLE | |
| Series statement | RICS Standard Form |
| 500 ## - GENERAL NOTE | |
| General note | In April 2025, revised forms were published to account for the introduction of the new role of Principal Designer (Building Regulations) following the passing of the Building Safety Act 2022 and the introduction of The Building Regulations, Part 2A. A new Scope of Services has been published.<br/><br/>Revisions have been made to the existing forms to introduce and distinguish between the new role of Principal Designer (Building Regulations) from the existing role of Principal Designer (CDM 2015).<br/><br/>Because the Building Safety Act 2022 only applies in England, not all of the same amendments have been made across the jurisdictional versions for Scotland and Northern Ireland. |
| 520 ## - ABSTRACT | |
| Abstract | RICS Short Form of Consultant’s Appointment is intended to be used for the less complex, small ‘normal’ type service project appointments. |
| 520 ## - ABSTRACT | |
| Abstract | To be read in conjunction with the Explanatory Notes |
| 650 ## - KEYWORDS | |
| Keywords | APPOINTMENT |
| 651 ## - SUBJECT ADDED ENTRY--GEOGRAPHIC NAME | |
| Geographic name | England |
| 651 ## - SUBJECT ADDED ENTRY--GEOGRAPHIC NAME | |
| Geographic name | Wales |
| 710 ## - ADDED CORPORATE NAME | |
| Added corporate author | Royal Institution of Chartered Surveyors |
| 856 ## - ONLINE RESOURCE | |
| Uniform Resource Identifier | <a href="https://www.rics.org/content/dam/ricsglobal/documents/standards/standard-form-of-consultants-appointment/RICS-Short-Form-of-Consultants-Appointment-E-W-April-2025.pdf">https://www.rics.org/content/dam/ricsglobal/documents/standards/standard-form-of-consultants-appointment/RICS-Short-Form-of-Consultants-Appointment-E-W-April-2025.pdf</a> |
| Public note | Form available on RICS.org |
| 856 ## - ONLINE RESOURCE | |
| Uniform Resource Identifier | <a href="https://www.rics.org/content/dam/ricsglobal/documents/standards/standard-form-of-consultants-appointment/Explanatory-notes-Short-form-E-W-April-2025.pdf">https://www.rics.org/content/dam/ricsglobal/documents/standards/standard-form-of-consultants-appointment/Explanatory-notes-Short-form-E-W-April-2025.pdf</a> |
| Public note | Explanatory Notes |
| 942 ## - ADDED ENTRY ELEMENTS (KOHA) | |
| Suppress in OPAC | Do not suppress in OPAC |
| Lost status | Damaged status | Not for loan | Current library | Shelving location | Date acquired | Total Checkouts | Date last seen | Price effective from | Koha item type |
|---|---|---|---|---|---|---|---|---|---|
| Virtual | Online | 13/05/2025 | 13/05/2025 | 13/05/2025 | Online material |